15º Jornadas de Epistemología de las Ciencias Económicas (Registro nro. 6049)
[ vista simple ]
| 000 -LEADER | |
|---|---|
| fixed length control field | 01918 a2200217 4500 |
| 001 - CONTROL NUMBER | |
| control field | 56785 |
| 005 - DATE AND TIME OF LATEST TRANSACTION | |
| control field | 20260407155831.0 |
| 008 - FIXED-LENGTH DATA ELEMENTS--GENERAL INFORMATION | |
| fixed length control field | 260407a2008 arg spa d |
| 003 - CONTROL NUMBER IDENTIFIER | |
| control field | AR-UNSa-BCEJYS |
| 040 ## - CATALOGING SOURCE | |
| Original cataloging agency | AR-UNSa-BCEJYS |
| Language of cataloging | spa |
| Transcribing agency | AR-UNSa-BCEJYS |
| 080 ## - UNIVERSAL DECIMAL CLASSIFICATION NUMBER | |
| Universal Decimal Classification number | 330 |
| Common auxiliary subdivision | Economía en general |
| 020 ## - INTERNATIONAL STANDARD BOOK NUMBER | |
| International Standard Book Number | 978-950-29-1181-6 |
| 100 1# - MAIN ENTRY--PERSONAL NAME | |
| Personal name | Jornadas de Epistemología de las Ciencias Económicas |
| 245 10 - TITLE STATEMENT | |
| Title | 15º Jornadas de Epistemología de las Ciencias Económicas |
| 264 #1 - PRODUCTION, PUBLICATION, DISTRIBUTION, MANUFACTURE, AND COPYRIGHT NOTICE | |
| Place of production, publication, distribution, manufacture | Buenos Aires : |
| Name of producer, publisher, distributor, manufacturer | CIECE (Centro de Investigación en Epistemología de las Ciencias Económicas) |
| Date of production, publication, distribution, manufacture, or copyright notice | 2008 |
| 300 ## - PHYSICAL DESCRIPTION | |
| Extent | 249 p. |
| Dimensions | 20 cm. |
| 505 ## - FORMATTED CONTENTS NOTE | |
| Formatted contents note | 1. El lugar de la economía en el conjunto de las ciencias, por Alicea Gianella – 2. ¿Es la economía ecológica un nuevo paradigma en las ciencias económicas? Una respuesta negativa – 3.La metodología de Friedman y una consecuencia importante para la escuela austriaca de la economía – 4. Algunas dificultades del razonamiento económico. La resolución Platónica de las leyes de la falacia del bien común – 5.Operationalizing Sen’s capability approach by some aristotelian principles – 6.Mas allá de la falacia de Adam: la debacle de las dicotomías – 7.Una ética de mínimos para la empresa – 8.Etica, economía y cambio climático: ¿puede el análisis económico ayudar a resolver dilemas éticos? – 9.El teorema de Arrow y los conjuntos de las operaciones – 10.Condiciones de posibilidades para la equivalencia entre mecanismos de agregación de argumentos de entornos sociales – 11.La utilidad como índice de estado final o de cambio en relaciones a un punto de referencia - 12.Apuntes para la microeconomía de capitalismo – 13. ¿Cuál es la importancia de una teoría normativa de la decisión racional? – 14.La controversia entre Fisher y Neyman. |
| 590 ## - LOCAL NOTE (RLIN) | |
| Local note | niveau_biblio:m niveau_hierar:0 |
| 700 1# - ADDED ENTRY--PERSONAL NAME | |
| Personal name | Weisman, Diego |
| 942 ## - ADDED ENTRY ELEMENTS (KOHA) | |
| Koha item type | |
| Withdrawn status | Lost status | Damaged status | Not for loan | Home library | Current library | Shelving location | Date acquired | Total checkouts | Full call number | Barcode | Date last seen | Price effective from | Koha item type |
|---|---|---|---|---|---|---|---|---|---|---|---|---|---|
| Biblioteca Prof. Eusebio Cleto del Rey | Biblioteca Prof. Eusebio Cleto del Rey | 07/04/2026 | 330 W426 | L117763 | 07/04/2026 | 07/04/2026 | Libro |